000 01000nam a22002417a 4500
999 _c12533
_d12533
003 AR-CdUCM
008 190409b ||||| |||| 00| 0 spa d
020 _a9786124636608
040 _aMUNICIPALIDAD PROVINCIAL DEL CUSCO
_cBIBLIOTECA MUNICIPAL DEL CUSCO
082 _a755.985 / ES74
_bES74
100 _aEscobar Medrano, Jorge Enrique
_930411
245 _aHistoria del arte cusqueño, siglos XVI al XIX :
_bLa plástica, orígenes y simbiosis /
260 _aCusco :
_bRegesa,
_c2013.
300 _a134 páginas ;
_bFotografías, ilustraciones, imágenes,
_c30 cm.
505 _aContenido: De la transición al neoclásico en el Cusco -- Las ordenanzas de Toledo y otros testimonios -- Las tendencias artísticas coloniales cusqueñas -- Arquitectura barroca ...
650 _aPintura peruana
_913847
650 _aEscuela cusqueña
_925717
650 _aCusco
_9772
650 _aArte cusqueño
_913165
650 _aÉpoca Colonial.
_9645
942 _2ddc
_cLIBROS
945 _acmm
_d2019-04-09